Za hranice lásky /
Další z příběhů ze série Flight & Glory, které se odehrávají ve světě armádních pilotů.
Uloženo v:
| Série: | Vzlety a pády,
část 3 |
|---|---|
| Hlavní autor: | |
| Další autoři: | |
| Médium: | E-kniha |
| Jazyk: | Czech |
| Vydáno: |
V Praze :
Fragment,
2025
|
| Vydání: | 1. vydání |
| Témata: | |
| Příbuzné jednotky: | Z cyklu::
Vzlety a pády |
| Tagy: |
Žádné tagy |
| LEADER | 02466nam a2200469 i 4500 | ||
|---|---|---|---|
| 001 | 312681 | ||
| 003 | CZ PrSKC | ||
| 005 | 20260601215726.0 | ||
| 007 | ta | ||
| 008 | 250327s2025 xr g 000 f cze | ||
| 015 | |a cnb003678157 | ||
| 020 | |a 9788025371824 |q (brožováno) : |c Kč 499,00 | ||
| 035 | |a (OCoLC)1519101765 | ||
| 040 | |a ABG001 |b cze |e rda | ||
| 041 | 1 | |a cze |h eng | |
| 072 | 7 | |a 821.111(73)-3 |x Americká próza |2 Konspekt | |
| 080 | |a 821.111(73)-31 |2 MRF | ||
| 080 | |a (0:82-312.5) |2 MRF | ||
| 100 | 1 | |a Yarros, Rebecca, |d 1981- |7 xx0306981 |4 aut | |
| 240 | 1 | 0 | |a Beyond what is given. |l Česky |
| 245 | 1 | 0 | |a Za hranice lásky / |c Rebecca Yarros ; přeložila Eva Brožová |
| 250 | |a 1. vydání | ||
| 264 | 1 | |a V Praze : |b Fragment, |c 2025 | |
| 300 | |a 430 stran ; |c 21 cm | ||
| 336 | |a text |b txt |2 rdacontent | ||
| 337 | |a bez média |b n |2 rdamedia | ||
| 338 | |a svazek |b nc |2 rdacarrier | ||
| 500 | |a Přeloženo z angličtiny | ||
| 520 | 2 | |a Další z příběhů ze série Flight & Glory, které se odehrávají ve světě armádních pilotů. |b Absolvovat kurz pilotování helikoptéry vyžaduje spoustu času a soustředění. Bohužel právě toho se teď poručíku Graysonu Mastersovi nedostává - kvůli jeho nové spolubydlící Samanthě Fitzgeraldové. Sam je krásná, chytrá... a Graysona neodolatelně přitahuje. Lásku si však ani jeden z nich nemůže dovolit. Aspoň ne do té doby, než se oba vypořádají se svojí utajovanou minulostí. Najdou cestu ke společné budoucnosti, nebo jim tentokrát život nadělil víc, než dokážou zvládnout? Nakladatelská anotace. | |
| 653 | 0 | |a literatura new adult | |
| 655 | 7 | |a americké romány |7 fd131796 |2 czenas | |
| 655 | 7 | |a milostné romány |7 fd132840 |2 czenas | |
| 655 | 9 | |a American fiction |2 eczenas | |
| 655 | 9 | |a love novels |2 eczenas | |
| 700 | 1 | |a Brožová, Eva |7 jn20010309864 |4 trl | |
| 787 | 0 | 8 | |i Z cyklu: |t Vzlety a pády |g 3 |
| 900 | |a ABA001 |b 20 | ||
| 928 | 9 | |a Albatros Media - Fragment | |
| 044 | |a xr | ||
| 910 | |a RBIT002 | ||
| 998 | |d 418063 |a https://core.palmknihy.cz/api/books/418063/cover?styawe |b https://core.palmknihy.cz/api/books/418063/cover/400?styawe |c https://core.palmknihy.cz/api/books/418063/cover/50?styawe |e 2028-08-04 |g 440 |i 9788025371824 |j https://core.palmknihy.cz/api/books/418063/preview.epub |k https://core.palmknihy.cz/api/books/418063/preview.pdf |l |q 49 |r 1 |s https://www.palmknihy.cz/kniha/418063 |t ebook |y 2025 |z 0 |v Vzlety a pády |w 3 | ||
| 999 | |d 312679 | ||